[Event "11th EUR-ch"]
[Site "Rijeka CRO"]
[Date "2010.03.10"]
[Round "5"]
[White "Mamedov, Nidjat"]
[Black "Horvath, Adam"]
[Result "1-0"]
[WhiteElo "2623"]
[BlackElo "2501"]
[EventDate "2010.03.06"]
[PlyCount "113"]

1.e4 c5 2.Nf3 e6 3.d4 cxd4 4.Nxd4 Nc6 5.Nc3 Qc7 6.Be3 a6 7.Qd2 Nf6 8.O-O-O
Be7 9.f3 h5 10.Kb1 d6 11.Bg5 Bd7 12.f4 Nxd4 13.Qxd4 Rc8 14.Be2 Qc5 15.Bf3 
Qxd4 16.Rxd4 Ng4 17.Bxe7 Kxe7 18.h3 Ne3 19.Rd3 Nc4 20.b3 Na3+ 21.Kb2 Nb5 
22.Na4 Na7 23.Nb6 Rcd8 24.Rhd1 Nc8 25.Nxd7 Kxd7 26.Rc3 Ne7 27.Rc5 Ng6 28.
g3 h4 29.f5 Ke8 30.Rc7 Ne5 31.Bg2 Rd7 32.Rc8+ Rd8 33.Rxd8+ Kxd8 34.fxe6 
fxe6 35.Rxd6+ Ke7 36.Rb6 hxg3 37.Rxb7+ Kf6 38.Rc7 Kg5 39.Rxg7+ Ng6 40.e5 
Rf8 41.Be4 Rf5 42.Rg8 Kh6 43.Bxf5 exf5 44.e6 f4 45.Kc3 Kh7 46.e7 Nxe7 47.
Rg4 Nd5+ 48.Kd3 Nf6 49.Rh4+ Kg6 50.Ke2 Kg5 51.Rh8 g2 52.Kf2 f3 53.Rf8 Ne4+
54.Kg1 Nd2 55.c4 Kh4 56.c5 Kg3 57.Rg8+ 1-0

[Event "11th EUR-ch"]
[Site "Rijeka CRO"]
[Date "2010.03.10"]
[Round "5"]
[White "Mastrovasilis, Athanasios"]
[Black "Balogh, Csaba"]
[Result "1/2-1/2"]
[WhiteElo "2511"]
[BlackElo "2622"]
[EventDate "2010.03.06"]
[PlyCount "43"]

1.d4 d5 2.c4 c6 3.Nf3 Nf6 4.cxd5 cxd5 5.Nc3 Nc6 6.Bf4 Bf5 7.Rc1 e6 8.e3 
Bd6 9.Bxd6 Qxd6 10.Bd3 Bg4 11.O-O O-O 12.a3 Rac8 13.b4 a6 14.Be2 Bxf3 15.
Bxf3 b5 16.Be2 Nd7 17.a4 Qxb4 18.axb5 Na7 19.Qd3 axb5 20.Nxb5 Nxb5 21.Qxb5
Qxb5 22.Bxb5 1/2-1/2

[Event "11th EUR-ch"]
[Site "Rijeka CRO"]
[Date "2010.03.10"]
[Round "5"]
[White "Kokarev, Dmitry"]
[Black "Stern, Rene"]
[Result "1/2-1/2"]
[WhiteElo "2622"]
[BlackElo "2501"]
[EventDate "2010.03.06"]
[PlyCount "36"]

1.e4 e5 2.Nf3 Nc6 3.Bb5 a6 4.Ba4 Nf6 5.O-O Be7 6.Re1 b5 7.Bb3 O-O 8.c3 d5 
9.exd5 Nxd5 10.Nxe5 Nxe5 11.Rxe5 Bb7 12.d4 Bf6 13.Re1 Re8 14.Bd2 Rxe1+ 15.
Qxe1 b4 16.a3 bxc3 17.Nxc3 Bxd4 18.Rd1 c5 1/2-1/2

[Event "11th EUR-ch"]
[Site "Rijeka CRO"]
[Date "2010.03.10"]
[Round "5"]
[White "Prohaszka, Peter"]
[Black "Azarov, Sergei"]
[Result "1-0"]
[WhiteElo "2501"]
[BlackElo "2621"]
[EventDate "2010.03.06"]
[PlyCount "87"]

1.d4 Nf6 2.c4 e6 3.g3 d5 4.Nf3 Bb4+ 5.Bd2 Be7 6.Bg2 O-O 7.O-O c6 8.Qc2 b6 
9.Bf4 Ba6 10.Nbd2 Nbd7 11.e4 Nxe4 12.Nxe4 dxe4 13.Ne5 Nxe5 14.dxe5 Qd3 15.
Rac1 Qxc2 16.Rxc2 Rad8 17.Be3 c5 18.Bxe4 Rd7 19.Bc6 Rc7 20.Bf3 Rd8 21.Rd1 
Rxd1+ 22.Bxd1 Rd7 23.Bf3 Bb7 24.Bxb7 Rxb7 25.b3 Rd7 26.Rd2 Rxd2 27.Bxd2 h5
28.Kg2 Kf8 29.Kf3 Ke8 30.Ke4 g6 31.h4 Kd7 32.Bh6 f5+ 33.exf6 Bxf6 34.Bf4 
a6 35.Be5 Be7 36.Kf4 b5 37.Bg7 bxc4 38.bxc4 Kd6 39.a3 Kd7 40.Ke5 g5 41.
hxg5 Bxg5 42.Bf8 h4 43.gxh4 Bxh4 44.Bxc5 1-0

[Event "11th EUR-ch"]
[Site "Rijeka CRO"]
[Date "2010.03.10"]
[Round "5"]
[White "Benidze, Davit"]
[Black "Edouard, Romain"]
[Result "1/2-1/2"]
[WhiteElo "2499"]
[BlackElo "2617"]
[EventDate "2010.03.06"]
[PlyCount "76"]

1.d4 Nf6 2.Nf3 e6 3.c4 c5 4.g3 cxd4 5.Nxd4 d5 6.Bg2 e5 7.Nc2 d4 8.O-O Nc6 
9.Nd2 Be6 10.Rb1 Qd7 11.e3 d3 12.Ne1 Rd8 13.b3 Bc5 14.Bb2 Bg4 15.Bf3 h5 
16.Ng2 Bb4 17.Bxc6 Qxc6 18.f3 Bxd2 19.fxg4 Ne4 20.gxh5 Bc3 21.Qg4 Bxb2 22.
Qxg7 Rf8 23.Rxb2 Qe6 24.h6 d2 25.Rbb1 Nc3 26.Rbd1 Nxd1 27.Rxd1 Ke7 28.h7 
Qf6 29.Qg4 Qg6 30.Qf3 Rd7 31.e4 Ke8 32.Ne3 Rd3 33.Qf5 Qxf5 34.Nxf5 Rh8 35.
Kf2 Rxh7 36.Ke2 Rd8 37.h4 f6 38.Rxd2 Rxd2+ 1/2-1/2

[Event "11th EUR-ch"]
[Site "Rijeka CRO"]
[Date "2010.03.10"]
[Round "5"]
[White "Khairullin, Ildar"]
[Black "Ekstrom, Roland"]
[Result "1/2-1/2"]
[WhiteElo "2617"]
[BlackElo "2491"]
[EventDate "2010.03.06"]
[PlyCount "49"]

1.d4 Nf6 2.c4 e6 3.g3 d5 4.Nf3 Be7 5.Bg2 O-O 6.O-O dxc4 7.Qc2 a6 8.a4 Bd7 
9.Qxc4 Bc6 10.Bf4 a5 11.Nc3 Na6 12.Rac1 Bd6 13.Bg5 h6 14.Bxf6 Qxf6 15.e4 
Qd8 16.Rcd1 Nb4 17.Ne1 Rb8 18.b3 Qe8 19.e5 Be7 20.f4 Bxg2 21.Nxg2 c6 22.f5
exf5 23.Rxf5 Qd7 24.Rf3 Nd5 25.Nxd5 1/2-1/2

[Event "11th EUR-ch"]
[Site "Rijeka CRO"]
[Date "2010.03.10"]
[Round "5"]
[White "Howell, David"]
[Black "Saric, Ante"]
[Result "1-0"]
[WhiteElo "2612"]
[BlackElo "2483"]
[EventDate "2010.03.06"]
[PlyCount "71"]

1.e4 e5 2.Nf3 Nf6 3.d4 Nxe4 4.dxe5 d5 5.Nbd2 Nxd2 6.Qxd2 c5 7.c4 d4 8.Bd3 
Nc6 9.Qf4 h6 10.Qg3 Be6 11.Nd2 Qd7 12.O-O O-O-O 13.f4 Bf5 14.a3 h5 15.Ne4 
h4 16.Qf3 Be7 17.Bd2 f6 18.b4 h3 19.g3 Bg4 20.Qh1 fxe5 21.b5 Nb8 22.a4 
Rhf8 23.a5 Rf7 24.a6 Rdf8 25.Nf2 Bf5 26.Bxf5 Rxf5 27.Nd3 exf4 28.Bxf4 bxa6
29.Rfb1 Rxf4 30.Nxf4 Rxf4 31.bxa6 Nc6 32.Rb7 Qe6 33.Rxe7 Nxe7 34.Qa8+ Kd7 
35.Qxa7+ Kc8 36.Qb7+ 1-0

[Event "11th EUR-ch"]
[Site "Rijeka CRO"]
[Date "2010.03.10"]
[Round "5"]
[White "Volkov, Sergei"]
[Black "Mrva, Martin"]
[Result "1-0"]
[WhiteElo "2612"]
[BlackElo "2485"]
[EventDate "2010.03.06"]
[PlyCount "46"]

1.d4 Nf6 2.c4 g6 3.Nc3 Bg7 4.e4 d6 5.Be2 O-O 6.Nf3 e5 7.Be3 h6 8.O-O Re8 
9.d5 Ng4 10.Bd2 Nd7 11.Rc1 Kh7 12.Rc2 Ngf6 13.b4 Rg8 14.c5 dxc5 15.bxc5 
Nxc5 16.Nxe5 Qe7 17.f4 Nfd7 18.Nxd7 Bxd7 19.e5 Bf5 20.Rb2 Nd3 21.Bxd3 Bxd3
22.Rf3 Qc5+ 23.Be3 Qc4 1-0

[Event "11th EUR-ch"]
[Site "Rijeka CRO"]
[Date "2010.03.10"]
[Round "5"]
[White "Stevic, Hrvoje"]
[Black "Petrosian, Davit Gevorgi"]
[Result "1/2-1/2"]
[WhiteElo "2610"]
[BlackElo "2468"]
[EventDate "2010.03.06"]
[PlyCount "53"]

1.e4 e6 2.d3 d5 3.Nd2 Nf6 4.Ngf3 b6 5.c3 c5 6.Be2 Qc7 7.e5 Nfd7 8.d4 cxd4 
9.cxd4 Ba6 10.Nf1 Bxe2 11.Qxe2 Qb7 12.Bd2 Qa6 13.Rc1 Be7 14.Ng3 O-O 15.O-O
Qxe2 16.Nxe2 Na6 17.Rc6 Rac8 18.Rfc1 Rxc6 19.Rxc6 Rd8 20.a3 Ndb8 21.Rc1 
Rd7 22.Rc8+ Rd8 23.Rc1 Rd7 24.Ne1 Rc7 25.Nc3 Kf8 26.Nc2 Nc6 27.f4 1/2-1/2

[Event "11th EUR-ch"]
[Site "Rijeka CRO"]
[Date "2010.03.10"]
[Round "5"]
[White "Sulashvili, Malkhaz"]
[Black "Siugirov, Sanan"]
[Result "0-1"]
[WhiteElo "2490"]
[BlackElo "2602"]
[EventDate "2010.03.06"]
[PlyCount "80"]

1.d4 Nf6 2.Nf3 g6 3.c4 Bg7 4.g3 O-O 5.Bg2 d6 6.O-O Nc6 7.Nc3 a6 8.a3 Na5 
9.Nd2 c5 10.dxc5 dxc5 11.Na4 Qc7 12.Qc2 Bf5 13.e4 Be6 14.Rb1 Rac8 15.b3 b5
16.cxb5 axb5 17.Nc3 Qb8 18.a4 b4 19.Nd5 Nc6 20.Bb2 Bxd5 21.exd5 Nd4 22.Qc4
Nd7 23.Rfe1 Rfd8 24.Qa6 Nb6 25.Bxd4 Bxd4 26.Rxe7 Nxd5 27.Bxd5 Rxd5 28.Nc4 
Rf5 29.Rb7 Rxf2 30.Rxb8 Rb2+ 31.Kf1 Rxb1+ 32.Kg2 Rxb8 33.Qc6 Rxb3 34.a5 
Rc3 35.Qd5 b3 36.Nd6 Rf8 37.Nb5 Rc2+ 38.Kh3 b2 39.Na3 Rc1 40.a6 Ra1 0-1

[Event "11th EUR-ch"]
[Site "Rijeka CRO"]
[Date "2010.03.10"]
[Round "5"]
[White "Chirila, Ioan-Cristian"]
[Black "Romanov, Evgeny"]
[Result "1/2-1/2"]
[WhiteElo "2487"]
[BlackElo "2600"]
[EventDate "2010.03.06"]
[PlyCount "51"]

1.e4 e5 2.Nf3 Nc6 3.Bb5 a6 4.Ba4 Nf6 5.O-O Be7 6.Re1 b5 7.Bb3 d6 8.c3 O-O 
9.h3 Nb8 10.d4 Nbd7 11.Nbd2 Bb7 12.Bc2 Re8 13.a4 Bf8 14.Bd3 c6 15.b3 g6 
16.Ba3 Qc7 17.Qc2 Nh5 18.Bf1 Nf4 19.dxe5 dxe5 20.Bxf8 Rxf8 21.b4 Ne6 22.
Nb3 Rab8 23.axb5 cxb5 24.c4 bxc4 25.Qxc4 Rfc8 26.Na5 1/2-1/2

[Event "11th EUR-ch"]
[Site "Rijeka CRO"]
[Date "2010.03.10"]
[Round "5"]
[White "Salgado Lopez, Ivan"]
[Black "Carlsson, Pontus"]
[Result "1-0"]
[WhiteElo "2592"]
[BlackElo "2478"]
[EventDate "2010.03.06"]
[PlyCount "81"]

1.d4 Nf6 2.c4 e6 3.Nf3 b6 4.a3 Ba6 5.e3 d5 6.Nbd2 c5 7.dxc5 Bxc5 8.b4 Be7 
9.Bb2 O-O 10.Rc1 Bb7 11.cxd5 Nxd5 12.Be2 Nd7 13.O-O a6 14.Nd4 Rc8 15.Qb3 
Bd6 16.h3 Qe7 17.Rfd1 b5 18.Bf1 N5b6 19.e4 Bf4 20.N4f3 Na4 21.Rxc8 Rxc8 
22.Ba1 e5 23.Nc4 bxc4 24.Qxa4 Nf6 25.g3 Bxe4 26.gxf4 Bxf3 27.Re1 Bb7 28.
Bxe5 Ne4 29.Qc2 Qd7 30.Rd1 Qe6 31.Qxc4 Qg6+ 32.Kh2 h5 33.Qd3 f6 34.Bd4 Rd8
35.Qb3+ Kh7 36.Be3 Rc8 37.Bd3 Rc3 38.Qxc3 Nxc3 39.Bxg6+ Kxg6 40.Rd7 Be4 
41.Rd6 1-0

[Event "11th EUR-ch"]
[Site "Rijeka CRO"]
[Date "2010.03.10"]
[Round "5"]
[White "Golod, Vitali"]
[Black "Womacka, Mathias"]
[Result "1/2-1/2"]
[WhiteElo "2590"]
[BlackElo "2452"]
[EventDate "2010.03.06"]
[PlyCount "99"]

1.d4 Nf6 2.c4 e6 3.Nf3 c5 4.d5 exd5 5.cxd5 d6 6.Nc3 g6 7.Bf4 a6 8.a4 Bg7 
9.h3 O-O 10.e3 Qe7 11.Be2 Nbd7 12.O-O Ne8 13.Nd2 Ne5 14.Bh2 f5 15.Kh1 Bd7 
16.Qb3 Nf6 17.Bxe5 Qxe5 18.Nc4 Qe7 19.Qb6 Rab8 20.Qxd6 Qxd6 21.Nxd6 Ne8 
22.Nxe8 Rfxe8 23.Rfc1 b5 24.axb5 axb5 25.Ra7 Red8 26.b3 Be8 27.Rc7 Bf8 28.
e4 Bd6 29.Ra7 f4 30.Ra5 Bc7 31.Rxb5 Bxb5 32.Nxb5 Be5 33.Na7 Ra8 34.Nc6 Re8
35.Bg4 Bb2 36.Rc2 Bd4 37.Be6+ Kg7 38.b4 Ra1+ 39.Kh2 Rf1 40.Nxd4 cxd4 41.e5
Re1 42.Rd2 Rxe5 43.Rxd4 g5 44.g3 Re2 45.Kg2 fxg3 46.Kxg3 Kf6 47.b5 Rb2 48.
Rd3 Ke5 49.Rf3 Kd6 50.Rf7 1/2-1/2

[Event "11th EUR-ch"]
[Site "Rijeka CRO"]
[Date "2010.03.10"]
[Round "5"]
[White "Buhmann, Rainer"]
[Black "Dvirnyy, Danyyil"]
[Result "1/2-1/2"]
[WhiteElo "2587"]
[BlackElo "2450"]
[EventDate "2010.03.06"]
[PlyCount "133"]

1.Nf3 e6 2.c4 f5 3.g3 Nf6 4.Bg2 c6 5.O-O d5 6.d3 Be7 7.Nbd2 O-O 8.b3 a5 9.
a3 d4 10.Bb2 c5 11.b4 Nc6 12.b5 Nb8 13.Re1 Bd6 14.e4 fxe4 15.Nxe4 Nxe4 16.
Rxe4 b6 17.Bc1 Ra7 18.Ng5 e5 19.Nxh7 Rf5 20.g4 Rxf2 21.Kxf2 Qh4+ 22.Kg1 
Qxh7 23.Ra2 Nd7 24.g5 Nf8 25.Rf2 Bf5 26.h4 g6 27.Qe2 Re7 28.Qf3 Ne6 29.h5 
Bxe4 30.Qxe4 Qxh5 31.Bf3 Qh7 32.Qd5 e4 33.Bxe4 Bg3 34.Rf6 Qh2+ 35.Kf1 Be5 
36.Qa8+ Bb8 37.Rxg6+ Kf8 38.Rf6+ Rf7 39.Rxf7+ Kxf7 40.Qd5 Qh3+ 41.Ke2 Ke7 
42.Qb7+ Bc7 43.Kd1 Qh2 44.Bd2 Qg1+ 45.Kc2 Qh2 46.Bg2 Qg3 47.Bd5 Nd8 48.Qa7
Qh2 49.Kd1 Qg1+ 50.Ke2 Qh2+ 51.Kd1 Qg1+ 52.Kc2 Qh2 53.a4 Ke8 54.g6 Kf8 55.
Be4 Kg7 56.Kd1 Qg1+ 57.Be1 Qg4+ 58.Kc2 Qe2+ 59.Bd2 Qh2 60.Kb1 Kf6 61.Bc1 
Ne6 62.Qb7 Qg1 63.Kc2 Qf2+ 64.Kd1 Qg1+ 65.Kc2 Qf2+ 66.Kb3 Qe1 67.Kc2 
1/2-1/2

[Event "11th EUR-ch"]
[Site "Rijeka CRO"]
[Date "2010.03.10"]
[Round "5"]
[White "Gyimesi, Zoltan"]
[Black "Caspi, Israel"]
[Result "1-0"]
[WhiteElo "2586"]
[BlackElo "2426"]
[EventDate "2010.03.06"]
[PlyCount "145"]

1.d4 f5 2.g3 Nf6 3.Bg2 g6 4.Nf3 Bg7 5.c4 O-O 6.O-O d6 7.Nc3 Nc6 8.d5 Na5 
9.Nd2 c5 10.Rb1 a6 11.Qc2 Bd7 12.b3 b5 13.Bb2 Rb8 14.e3 Qc7 15.Ne2 bxc4 
16.bxc4 Rb4 17.Bc3 Ra4 18.Ba1 Rb8 19.Rxb8+ Qxb8 20.a3 Rxa3 21.Rb1 Qf8 22.
Nc3 Ng4 23.h3 Ne5 24.Bf1 f4 25.gxf4 Bf5 26.e4 Bd7 27.fxe5 Bxe5 28.Bb2 Qf4 
29.Bg2 Qh2+ 30.Kf1 Bxh3 31.Bxh3 Qxh3+ 32.Ke2 Qg4+ 33.f3 Qg2+ 34.Kd3 Rb3 
35.Ba1 Bf4 36.Qd1 Bxd2 37.Rxb3 Nxb3 38.Qxb3 Bxc3 39.Qxc3 Qxf3+ 40.Kd2 
Qxc3+ 41.Bxc3 Kf7 42.Ke3 e5 43.Kf3 h5 44.Bd2 Kf6 45.Kg2 g5 46.Kg3 g4 47.
Kh4 Kg6 48.Ba5 Kf7 49.Be1 Kg6 50.Bd2 Kf6 51.Bg5+ Kf7 52.Kxh5 g3 53.Kg4 g2 
54.Be3 a5 55.Kf3 a4 56.Kxg2 a3 57.Bc1 a2 58.Bb2 Kg6 59.Kf3 Kg5 60.Ke3 Kg4 
61.Kd3 Kf3 62.Kc2 Kxe4 63.Kb3 Kf3 64.Kxa2 e4 65.Kb3 e3 66.Ka4 Ke4 67.Kb5 
Kd3 68.Bf6 e2 69.Bh4 Kd4 70.Bf2+ Kd3 71.Kc6 Kxc4 72.Kxd6 Kb5 73.Be1 1-0

[Event "11th EUR-ch"]
[Site "Rijeka CRO"]
[Date "2010.03.10"]
[Round "5"]
[White "Rakhmanov, Alexander"]
[Black "Smirnov, Artem"]
[Result "1/2-1/2"]
[WhiteElo "2584"]
[BlackElo "2435"]
[EventDate "2010.03.06"]
[PlyCount "45"]

1.c4 Nf6 2.Nf3 e6 3.e3 b6 4.b3 Bb7 5.Bb2 c5 6.d3 Be7 7.Nbd2 O-O 8.Rg1 d5 
9.g4 Nc6 10.g5 Ne8 11.h4 f5 12.Qc2 a5 13.Ne5 Nxe5 14.Bxe5 Bd6 15.Qb2 a4 
16.Bg2 axb3 17.axb3 Rxa1+ 18.Qxa1 Bxe5 19.Qxe5 Qd6 20.f4 Qxe5 21.fxe5 f4 
22.e4 Nc7 23.Rf1 1/2-1/2

[Event "11th EUR-ch"]
[Site "Rijeka CRO"]
[Date "2010.03.10"]
[Round "5"]
[White "Pavasovic, Dusko"]
[Black "Hamitevici, Vladimir"]
[Result "1-0"]
[WhiteElo "2579"]
[BlackElo "2401"]
[EventDate "2010.03.06"]
[PlyCount "43"]

1.e4 c5 2.c3 Nf6 3.e5 Nd5 4.Nf3 Nc6 5.Bc4 Nb6 6.Bb3 d5 7.exd6 Qxd6 8.Na3 
a6 9.O-O Bf5 10.d4 cxd4 11.Nxd4 Nxd4 12.cxd4 e6 13.Qf3 Qd7 14.d5 Nxd5 15.
Nc4 Qc7 16.Ne3 Nxe3 17.Ba4+ Kd8 18.Bxe3 Bd6 19.Rac1 Qb8 20.Rfd1 Ke7 21.
Rxd6 Kxd6 22.Bc5+ 1-0

[Event "11th EUR-ch"]
[Site "Rijeka CRO"]
[Date "2010.03.10"]
[Round "5"]
[White "Arutinian, David"]
[Black "Kanarek, Marcel"]
[Result "1-0"]
[WhiteElo "2576"]
[BlackElo "2388"]
[EventDate "2010.03.06"]
[PlyCount "59"]

1.d4 Nf6 2.c4 g6 3.Nc3 d5 4.cxd5 Nxd5 5.Bd2 Nb6 6.Bf4 Bg7 7.e3 c5 8.dxc5 
Bxc3+ 9.bxc3 Qxd1+ 10.Rxd1 N6d7 11.Bb5 Nc6 12.Nf3 Nxc5 13.Ne5 Bd7 14.Rd5 
Nxe5 15.Bxe5 f6 16.Rxc5 fxe5 17.Rxe5 Bxb5 18.Rxb5 O-O-O 19.Ke2 Rd6 20.Rhb1
Rhd8 21.Rxb7 Rd2+ 22.Ke1 Rxa2 23.Rb8+ Kc7 24.R1b7+ Kc6 25.Rxa7 Rxb8 26.
Rxa2 Rb1+ 27.Ke2 Kd5 28.Ra8 e5 29.Kf3 Rb7 30.Ra5+ 1-0

[Event "11th EUR-ch"]
[Site "Rijeka CRO"]
[Date "2010.03.10"]
[Round "5"]
[White "Yemelin, Vasily"]
[Black "Pankov, German"]
[Result "1/2-1/2"]
[WhiteElo "2576"]
[BlackElo "2353"]
[EventDate "2010.03.06"]
[PlyCount "61"]

1.e4 c5 2.Nf3 d6 3.d4 cxd4 4.Nxd4 Nf6 5.Nc3 a6 6.Be3 Ng4 7.Bc1 Nc6 8.Be2 
Nf6 9.Be3 e6 10.f4 Qc7 11.Qd2 Be7 12.O-O-O Nxd4 13.Qxd4 e5 14.Qd3 b5 15.
fxe5 dxe5 16.Nd5 Nxd5 17.exd5 Qd6 18.g4 O-O 19.Rhf1 Bd7 20.Qe4 Rac8 21.Bd3
g6 22.g5 f5 23.gxf6 Rxf6 24.Rxf6 Bxf6 25.Rf1 Bg7 26.b4 Rf8 27.Rxf8+ Qxf8 
28.Bc5 Qf4+ 29.Qxf4 exf4 30.c4 Be5 31.Bf2 1/2-1/2

[Event "11th EUR-ch"]
[Site "Rijeka CRO"]
[Date "2010.03.10"]
[Round "5"]
[White "Manea, Alexandru"]
[Black "Nevednichy, Vladislav"]
[Result "1/2-1/2"]
[WhiteElo "2392"]
[BlackElo "2572"]
[EventDate "2010.03.06"]
[PlyCount "42"]

1.e4 c5 2.Nf3 d6 3.d4 cxd4 4.Nxd4 Nf6 5.Nc3 Bd7 6.Bc4 e6 7.Be3 a6 8.Bb3 
Nc6 9.f4 Qa5 10.O-O Be7 11.f5 Nxd4 12.Bxd4 e5 13.Bf2 Bc6 14.Qf3 h6 15.Rfe1
Bd8 16.Kh1 Bb6 17.Bh4 Bd4 18.Nd1 Qd2 19.c3 Bc5 20.Re2 Qf4 21.Qxf4 exf4 
1/2-1/2

[Event "11th EUR-ch"]
[Site "Rijeka CRO"]
[Date "2010.03.10"]
[Round "5"]
[White "Morchiashvili, Bachana"]
[Black "Sulskis, Sarunas"]
[Result "1-0"]
[WhiteElo "2345"]
[BlackElo "2572"]
[EventDate "2010.03.06"]
[PlyCount "95"]

1.d4 Nf6 2.c4 e6 3.Nf3 d5 4.e3 c5 5.Nc3 a6 6.cxd5 exd5 7.Be2 Bd6 8.dxc5 
Bxc5 9.O-O O-O 10.b3 Nc6 11.Bb2 Ba7 12.Qc2 h6 13.Rad1 Be6 14.Qb1 Qe7 15.
Rd2 Rfd8 16.Rfd1 Rac8 17.h3 b5 18.Qa1 d4 19.exd4 Nd5 20.Nxd5 Bxd5 21.Re1 
Qf6 22.Qd1 Bb6 23.Rf1 Bc7 24.Ne5 Nxe5 25.dxe5 Qc6 26.Bg4 Ba5 27.b4 Bxg2 
28.Bxc8 Rxd2 29.Qxd2 Bxf1 30.Kxf1 Qh1+ 31.Ke2 Qe4+ 32.Qe3 Qxb4 33.Qd4 Qe1+
34.Kf3 Qh1+ 35.Ke2 Qe1+ 36.Kf3 Qh1+ 37.Kf4 Qg1 38.Bg4 g5+ 39.Ke4 Qb1+ 40.
Kd5 Qxa2+ 41.Kc6 Qc4+ 42.Qxc4 bxc4 43.Be2 c3 44.Bc1 Kf8 45.Bxa6 Ke7 46.Kd5
Bb6 47.f3 Bf2 48.Bd3 1-0

[Event "11th EUR-ch"]
[Site "Rijeka CRO"]
[Date "2010.03.10"]
[Round "5"]
[White "Sedlak, Nikola"]
[Black "Fucak, Emilijo"]
[Result "1-0"]
[WhiteElo "2570"]
[BlackElo "2280"]
[EventDate "2010.03.06"]
[PlyCount "61"]

1.e4 e6 2.d4 d5 3.Nc3 Bb4 4.e5 Qd7 5.a3 Bxc3+ 6.bxc3 b6 7.Qg4 f5 8.Qg3 a5 
9.Nh3 Ba6 10.Bxa6 Rxa6 11.O-O Nc6 12.a4 Ra8 13.Ba3 h6 14.Nf4 g5 15.Ng6 Rh7
16.Nf8 Qf7 17.Nxh7 Qxh7 18.Qd3 Rd8 19.c4 dxc4 20.Qxc4 Qd7 21.c3 Nge7 22.
Bxe7 Nxe7 23.Qe2 Kf7 24.Qh5+ Kg7 25.h4 gxh4 26.Qxh4 Ng6 27.Qf6+ Kh7 28.d5 
exd5 29.e6 Qe7 30.Qxf5 Rf8 31.Qxd5 1-0

[Event "11th EUR-ch"]
[Site "Rijeka CRO"]
[Date "2010.03.10"]
[Round "5"]
[White "Beliavsky, Alexander"]
[Black "Popilski, Gil"]
[Result "1-0"]
[WhiteElo "2657"]
[BlackElo "2441"]
[EventDate "2010.03.06"]
[PlyCount "59"]

1.Nf3 Nf6 2.c4 g6 3.g3 Bg7 4.Bg2 O-O 5.O-O d5 6.cxd5 Nxd5 7.d4 Nb6 8.Nc3 
Nc6 9.d5 Na5 10.e4 c6 11.Re1 Nac4 12.a4 a5 13.Qb3 Qd6 14.dxc6 bxc6 15.Qc2 
Bg4 16.e5 Qc7 17.Nd4 Nxe5 18.Bf4 Bd7 19.Ncb5 Qb8 20.Nxc6 Bxc6 21.Bxc6 Nbc4
22.Qe4 Ra6 23.Bd5 Nd6 24.Qe2 e6 25.Ba2 Nxb5 26.axb5 Rb6 27.Bxe5 Bxe5 28.
Qxe5 Rxb5 29.Qxb8 Rfxb8 30.b3 1-0

[Event "11th EUR-ch"]
[Site "Rijeka CRO"]
[Date "2010.03.10"]
[Round "5"]
[White "Vernay, Clovis"]
[Black "Cheparinov, Ivan"]
[Result "1-0"]
[WhiteElo "2440"]
[BlackElo "2657"]
[EventDate "2010.03.06"]
[PlyCount "115"]

1.d4 Nf6 2.c4 g6 3.Nc3 Bg7 4.e4 d6 5.f3 O-O 6.Bg5 c5 7.d5 a6 8.a4 h6 9.Be3
e6 10.Qd2 exd5 11.cxd5 Re8 12.Nge2 Nbd7 13.Nd1 Ne5 14.Nec3 g5 15.Be2 Nh5 
16.O-O Qf6 17.a5 Nf4 18.Na4 Bd7 19.Ndc3 Rad8 20.Nb6 Neg6 21.Bd1 Bb5 22.
Nxb5 axb5 23.g3 Nh5 24.Be2 c4 25.Rad1 Qe7 26.b3 f5 27.bxc4 f4 28.Bf2 fxg3 
29.hxg3 Rf8 30.cxb5 Ne5 31.Be1 Qf7 32.Rc1 Rde8 33.Qd1 Qg6 34.Kh2 Nf6 35.
Nc4 g4 36.f4 Nxc4 37.Rxc4 Rxe4 38.Rxe4 Qxe4 39.Qd3 Qe7 40.Bb4 Re8 41.Re1 
Qe4 42.Bd2 Kf7 43.Bf1 Qa4 44.Rxe8 Kxe8 45.Qc4 Qxc4 46.Bxc4 Kd8 47.a6 bxa6 
48.bxa6 Kc8 49.Bb5 Ne4 50.Be3 Nc5 51.f5 Kc7 52.Bd2 Nb3 53.Bf4 Bf8 54.Be3 
Nc5 55.Bxc5 dxc5 56.f6 Kb6 57.Bc4 Bd6 58.f7 1-0

[Event "11th EUR-ch"]
[Site "Rijeka CRO"]
[Date "2010.03.10"]
[Round "5"]
[White "Pashikian, Arman"]
[Black "Kurmann, Oliver"]
[Result "1/2-1/2"]
[WhiteElo "2652"]
[BlackElo "2432"]
[EventDate "2010.03.06"]
[PlyCount "79"]

1.d4 Nf6 2.Nf3 e6 3.c4 c5 4.d5 exd5 5.cxd5 g6 6.Nc3 d6 7.h3 Bg7 8.e4 a6 9.
a4 Nbd7 10.Bd3 Nh5 11.Bg5 Bf6 12.Be3 Ne5 13.Be2 Nxf3+ 14.Bxf3 Ng7 15.Qd2 
O-O 16.Bf4 Qe7 17.O-O Be5 18.Rfe1 Bd7 19.Bxe5 Qxe5 20.Bg4 Bxg4 21.hxg4 h5 
22.g5 f6 23.f4 Qd4+ 24.Qxd4 cxd4 25.Ne2 fxg5 26.fxg5 Rae8 27.Nxd4 Rf4 28.
Rac1 Rexe4 29.Rxe4 Rxe4 30.Rc4 Rg4 31.Rc8+ Kf7 32.Rc7+ Kf8 33.Ne2 Rb4 34.
g3 Nf5 35.Nf4 Nxg3 36.Ne6+ Ke8 37.Ng7+ Kf8 38.Ne6+ Ke8 39.Ng7+ Kf8 40.Ne6+
1/2-1/2

[Event "11th EUR-ch"]
[Site "Rijeka CRO"]
[Date "2010.03.10"]
[Round "5"]
[White "Kobalia, Mikhail"]
[Black "Loncar, Robert"]
[Result "1-0"]
[WhiteElo "2637"]
[BlackElo "2424"]
[EventDate "2010.03.06"]
[PlyCount "55"]

1.e4 d5 2.exd5 Qxd5 3.Nc3 Qa5 4.d4 c6 5.Nf3 Bf5 6.Bc4 e6 7.Bd2 Nd7 8.Qe2 
Bb4 9.a3 Ngf6 10.O-O-O Bxc3 11.Bxc3 Qc7 12.Ne5 h5 13.h3 Nxe5 14.dxe5 Nd5 
15.Bd2 O-O-O 16.g4 Bg6 17.f4 Nb6 18.Ba2 hxg4 19.hxg4 Rxh1 20.Rxh1 Qd7 21.
f5 exf5 22.e6 Qe7 23.gxf5 Bxf5 24.Qe5 fxe6 25.Bf4 Nd5 26.Bxd5 cxd5 27.Qb8+
Kd7 28.Qc7+ 1-0

[Event "11th EUR-ch"]
[Site "Rijeka CRO"]
[Date "2010.03.10"]
[Round "5"]
[White "Bodiroga, Predrag"]
[Black "Nyback, Tomi"]
[Result "1/2-1/2"]
[WhiteElo "2422"]
[BlackElo "2624"]
[EventDate "2010.03.06"]
[PlyCount "154"]

1.d4 d5 2.Bf4 e6 3.e3 c5 4.c3 Nf6 5.Nd2 Bd6 6.Bg3 Nc6 7.Ngf3 Bxg3 8.hxg3 
Qd6 9.Qa4 Bd7 10.dxc5 Qxc5 11.Qf4 Qe7 12.Bb5 e5 13.Qg5 e4 14.Bxc6 bxc6 15.
Ne5 O-O 16.Nb3 Rfe8 17.Nxd7 Nxd7 18.Qxe7 Rxe7 19.O-O-O Ne5 20.Nc5 f5 21.
Kc2 Rf8 22.Rd4 Rf6 23.b3 Ng4 24.Rd2 g5 25.c4 dxc4 26.bxc4 Kg7 27.Kc3 Kg6 
28.Re1 h5 29.Ree2 Kf7 30.a4 h4 31.gxh4 gxh4 32.a5 Rg6 33.Re1 Nh2 34.Rd8 
Rxg2 35.Rh8 Kg7 36.Rh5 Nf3 37.Rh1 Rxf2 38.Rd1 Re2 39.Rd6 Rxe3+ 40.Kb4 Ne5 
41.Rg5+ Kf7 42.Rxf5+ Ke8 43.Rh5 Nd3+ 44.Nxd3 Rxd3 45.Rxd3 exd3 46.Kc3 Re4 
47.Kxd3 Rg4 48.a6 Kf7 49.Rh7+ Kg6 50.Rxa7 h3 51.Ra8 Rg3+ 52.Kd4 Ra3 53.Rh8
Rxa6 54.Rxh3 Ra5 55.Rf3 Rg5 56.Kc3 c5 57.Kb3 Rg4 58.Rf8 Rd4 59.Rf3 Rd1 60.
Rf4 Rb1+ 61.Kc2 Re1 62.Rf8 Re3 63.Kd2 Rh3 64.Rc8 Kf5 65.Rxc5+ Ke4 66.Rd5 
Rg3 67.Kc2 Rh3 68.Rd7 Rg3 69.Kb2 Rh3 70.Rd1 Rg3 71.c5 Rg5 72.Rc1 Kd5 73.c6
Rg8 74.Kb3 Rc8 75.c7 Kd6 76.Kb4 Rxc7 77.Rxc7 Kxc7 1/2-1/2

[Event "11th EUR-ch"]
[Site "Rijeka CRO"]
[Date "2010.03.10"]
[Round "5"]
[White "Banikas, Hristos"]
[Black "Buss, Ralph"]
[Result "1/2-1/2"]
[WhiteElo "2617"]
[BlackElo "2416"]
[EventDate "2010.03.06"]
[PlyCount "45"]

1.d4 Nf6 2.c4 e6 3.Nc3 Bb4 4.e3 O-O 5.Ne2 d5 6.a3 Be7 7.cxd5 exd5 8.b4 c6 
9.Ng3 Re8 10.Bd3 Nbd7 11.O-O a5 12.b5 c5 13.Nce2 b6 14.Bb2 Bb7 15.Rc1 g6 
16.Nf4 Rc8 17.Be2 c4 18.Bf3 Bd6 19.h3 Qe7 20.a4 Bb4 21.Nge2 Qd6 22.Nc3 Nf8
23.g4 1/2-1/2

[Event "11th EUR-ch"]
[Site "Rijeka CRO"]
[Date "2010.03.10"]
[Round "5"]
[White "Potapov, Pavel"]
[Black "Andriasian, Zaven"]
[Result "1/2-1/2"]
[WhiteElo "2427"]
[BlackElo "2609"]
[EventDate "2010.03.06"]
[PlyCount "54"]

1.e4 d6 2.d4 g6 3.Nc3 Bg7 4.Be3 a6 5.a4 Nc6 6.Qd2 e5 7.Nf3 Bg4 8.dxe5 Bxf3
9.gxf3 Nxe5 10.Be2 Nf6 11.f4 Nc6 12.O-O Qd7 13.Bf3 Ng4 14.Nd5 Nxe3 15.fxe3
Ne7 16.c3 O-O 17.a5 Nxd5 18.Qxd5 Rab8 19.Rf2 b6 20.e5 Qe7 21.exd6 cxd6 22.
Re2 bxa5 23.Qxa5 Rb5 24.Qxa6 Rfb8 25.Ra2 g5 26.Ra5 Rxb2 27.Rxb2 Rxb2 
1/2-1/2

[Event "11th EUR-ch"]
[Site "Rijeka CRO"]
[Date "2010.03.10"]
[Round "5"]
[White "Saric, Ivan"]
[Black "Baron, Tal"]
[Result "1/2-1/2"]
[WhiteElo "2607"]
[BlackElo "2415"]
[EventDate "2010.03.06"]
[PlyCount "153"]

1.e4 c5 2.Nf3 Nc6 3.Nc3 Nf6 4.Bb5 Qc7 5.O-O Nd4 6.Re1 a6 7.Bc4 d6 8.Nd5 
Nxd5 9.exd5 g6 10.Nxd4 cxd4 11.d3 h6 12.Bd2 Bg7 13.Qf3 O-O 14.Qe4 Re8 15.
Qh4 g5 16.Qh5 b5 17.Bb3 a5 18.a4 bxa4 19.Bxa4 Bd7 20.Bxd7 Qxd7 21.h4 Qf5 
22.hxg5 Qxd5 23.Qg4 hxg5 24.Bxg5 f5 25.Qh3 e6 26.Ra4 Rec8 27.b4 axb4 28.
Rxb4 Rab8 29.Rxb8 Rxb8 30.Qh5 e5 31.Qg6 Qf7 32.Qxd6 Rc8 33.f4 exf4 34.Re7 
Bf8 35.Rxf7 Bxd6 36.Rd7 Rc6 37.Bf6 Bc7 38.Bxd4 Rxc2 39.Bg7 Bb6+ 40.Bd4 
Bxd4+ 41.Rxd4 Rd2 42.Rd7 Kf8 43.Kf1 Ke8 44.Rd5 Ke7 45.Rxf5 Rxd3 46.Rxf4 
Rd2 47.Kg1 Ke6 48.Kh2 Rd8 49.Kh3 Ke5 50.g3 Rg8 51.Kh4 Rh8+ 52.Kg4 Rg8+ 53.
Kf3 Ra8 54.Kg2 Rg8 55.Rf3 Ke6 56.Kh3 Rh8+ 57.Kg4 Rg8+ 58.Kh5 Rh8+ 59.Kg6 
Rg8+ 60.Kh7 Rg4 61.Kh6 Rg8 62.Kh5 Rh8+ 63.Kg4 Rg8+ 64.Kh3 Rh8+ 65.Kg2 Rg8 
66.Rf1 Ke5 67.Rf4 Rh8 68.Kf3 Ra8 69.Kg4 Rg8+ 70.Kh3 Rh8+ 71.Rh4 Ra8 72.Rh6
Kf5 73.Kh4 Ra4+ 74.Kh5 Rg4 75.Rf6+ Kxf6 76.Kxg4 Kg6 77.Kf4 1/2-1/2